مدينة توكرة "توخيرة القديمة" احدى مدن برقة الخمس ، مقدمة تاريخية ووصف عام لاثارها

محفوظ في:

المؤلف الرئيسي: على سالم الترك.

التنسيق: كتاب

اللغة: Undetermined

منشور في: Tarabulus aidarat albuhuth al'atharia 1972

الوسوم: إضافة وسم

لا توجد وسوم, كن أول من يضع وسما على هذه التسجيلة!

رقم الطلب: H80 LITR

LEADER 00477nam a2200121Ia 4500
008 240404s9999||||xx |||||||||||||| ||und||
050 4 |a H80 LITR 
100 1 |a على سالم الترك. 
245 1 0 |a مدينة توكرة "توخيرة القديمة" احدى مدن برقة الخمس ، مقدمة تاريخية ووصف عام لاثارها  |c على سالم الترك 
264 1 |a Tarabulus  |b aidarat albuhuth al'atharia  |c 1972 
300 |a 64  |c 21 
942 |2 lcc  |c BK 
999 |c 58155  |d 58155